00762nam a2200241 a 4500001001300000003000900013005001700022008004100039020002500080082001600105100001900121245006100140260004900201300000900250500003500259505002000294650003800314700001900352902000800371942000700379952011700386999001700503nice12345678IN_TiNIC20260116013957.0050524s1981 mica grp 000 0 eng  a0310418 c372.400a225.61bHOU aHouse, H Wayne aChronological and Background Charts of the New Testament aMichigan bZondervan Publishing House c1981 a156p aincludes index and biblioraphy2 aAppendix, Index aBible N.T. Hand Books-Manuals Etc1 aHouse, H Wayne bSRS cBK 001040708StackRoom-aHMIbHMId2007-06-20g372.40l0o225.61 HOUp019289r2007-06-20v372.40w2005-05-24yBK c13344d13344